[Event "Heraklio op-A 15th"]
[Site "Heraklion"]
[Date "2015.09.04"]
[Round "5"]
[White "Moshovakis, Aggelos"]
[Black "Gratseas, Stefanos"]
[Result "1/2-1/2"]
[WhiteElo "1702"]
[BlackElo "2061"]
[PlyCount "75"]
[EventDate "2015.09.01"]
[EventType "swiss"]
[EventRounds "7"]
[EventCountry "GRE"]
[SourceTitle "EXT 2024"]
[Source "ChessBase"]
[SourceDate "2023.10.10"]
[SourceVersion "1"]
[SourceVersionDate "2023.10.10"]
[SourceQuality "1"]

1. e4 d6 2. d4 Nf6 3. Nc3 g6 4. Nf3 Bg7 5. h3 Nc6 6. Be3 0-0 7. Be2 e5 8. dxe5 Nxe5 9. Nxe5 dxe5 10. Bc5 Re8 11. Bc4 Qxd1+ 12. Rxd1 b6 13. Be3 Bb7 14. f3 h6 15. Nd5 Nxd5 16. Bxd5 Bxd5 17. Rxd5 Rad8 18. Rxd8 Rxd8 19. Ke2 Kf8 20. Rd1 Rc8 21. Rd3 Ke7 22. Ra3 a5 23. Rc3 Kd7 24. a4 f5 25. Rd3+ Kc6 26. Rd1 f4 27. Bf2 Bf8 28. b3 Bd6 29. Rd5 Kd7 30. Rd1 Kc6 31. Be1 Kd7 32. Bc3 Ke6 33. Be1 g5 34. Bf2 h5 35. c4 Rb8 36. Be1 Rg8 37. Bf2 Rb8 38. Be1 1/2-1/2

[Event "Heraklio op-A 15th"]
[Site "Heraklion"]
[Date "2015.09.02"]
[Round "3"]
[White "Moshovakis, Aggelos"]
[Black "Lyrakis, Stavros"]
[Result "1/2-1/2"]
[WhiteElo "1702"]
[BlackElo "1845"]
[PlyCount "64"]
[EventDate "2015.09.01"]
[EventType "swiss"]
[EventRounds "7"]
[EventCountry "GRE"]
[SourceTitle "EXT 2024"]
[Source "ChessBase"]
[SourceDate "2023.10.10"]
[SourceVersion "1"]
[SourceVersionDate "2023.10.10"]
[SourceQuality "1"]

1. e4 c5 2. Nc3 e6 3. f4 Nc6 4. Nf3 a6 5. g3 d5 6. d3 Nf6 7. Bg2 Be7 8. 0-0 b5 9. exd5 Nxd5 10. Kh1 Nxc3 11. bxc3 Bb7 12. Ne5 Qc7 13. Qf3 Na5 14. Qf2 Bxg2+ 15. Qxg2 0-0 16. Bd2 c4 17. a4 cxd3 18. cxd3 Nb3 19. Ra2 Nxd2 20. Qxd2 Rac8 21. axb5 axb5 22. Rb1 f6 23. Ng4 Qc6+ 24. Kg1 Qxc3 25. Rxb5 Qd4+ 26. Nf2 Rc3 27. Qe2 Qd7 28. Rab2 Bc5 29. R5b3 Rxb3 30. Rxb3 Qd5 31. Rb2 Ra8 32. Qe4 Bxf2+ 1/2-1/2

[Event "Heraklion Gazi op 11th"]
[Site "Heraklion"]
[Date "2015.07.28"]
[Round "5"]
[White "Fragaki, Maria"]
[Black "Moshovakis, Aggelos"]
[Result "1-0"]
[WhiteElo "1919"]
[BlackElo "1751"]
[PlyCount "61"]
[EventDate "2015.07.25"]
[EventType "swiss"]
[EventRounds "9"]
[EventCountry "GRE"]
[SourceTitle "CBM 167 Extra"]
[Source "ChessBase"]
[SourceDate "2015.09.14"]
[SourceVersion "1"]
[SourceVersionDate "2015.09.14"]
[SourceQuality "1"]

1. e4 e5 2. Bc4 Nf6 3. d3 c6 4. Nf3 d5 5. exd5 cxd5 6. Bb5+ Bd7 7. Bxd7+ Nbxd7 8. 0-0 Bd6 9. Bg5 0-0 10. Nc3 Qb6 11. Rb1 Rac8 12. Nh4 h6 13. Bd2 Rfe8 14. Nf5 Bf8 15. Kh1 d4 16. Ne2 Qe6 17. Neg3 Qxa2 18. f4 Qd5 19. fxe5 Rxe5 20. Rf4 Bc5 21. Qf1 Rc6 22. c4 dxc3 23. Bxc3 Ree6 24. Ne4 Bf8 25. Nxf6+ Nxf6 26. Nd4 Be7 27. Nxc6 Qxc6 28. Re1 Nd5 29. Rxf7 Nxc3 30. Rxe7 Rxe7 31. Rxe7 1-0

[Event "Heraklion Gazi op 11th"]
[Site "Heraklion"]
[Date "2015.07.25"]
[Round "1"]
[White "Moshovakis, Aggelos"]
[Black "Goumas, Georgios"]
[Result "0-1"]
[WhiteElo "1751"]
[BlackElo "2361"]
[PlyCount "44"]
[EventDate "2015.07.25"]
[EventType "swiss"]
[EventRounds "9"]
[EventCountry "GRE"]
[SourceTitle "CBM 167 Extra"]
[Source "ChessBase"]
[SourceDate "2015.09.14"]
[SourceVersion "1"]
[SourceVersionDate "2015.09.14"]
[SourceQuality "1"]

1. e4 c5 2. Nc3 e6 3. f4 Nc6 4. Nf3 d5 5. Bb5 Nf6 6. Bxc6+ bxc6 7. d3 Be7 8. 0-0 Ba6 9. e5 Nd7 10. b3 0-0 11. Na4 c4 12. dxc4 dxc4 13. Re1 Nb6 14. Nc3 Qc7 15. Ne4 Rfd8 16. Qe2 Nd5 17. Be3 Bb4 18. Red1 cxb3 19. Qxa6 bxc2 20. Rxd5 cxd5 21. Nf2 Qc3 22. Re1 Qxe3 0-1

[Event "Heraklion op"]
[Site "Heraklion"]
[Date "2014.09.04"]
[Round "4"]
[White "Xigis, Michail"]
[Black "Moshovakis, Aggelos"]
[Result "1-0"]
[WhiteElo "1725"]
[BlackElo "1538"]
[PlyCount "35"]
[EventDate "2014.09.02"]
[EventType "swiss"]
[EventRounds "6"]
[EventCountry "GRE"]
[SourceTitle "EXT 2015"]
[Source "ChessBase"]
[SourceDate "2014.11.20"]
[SourceVersion "1"]
[SourceVersionDate "2014.11.20"]
[SourceQuality "1"]

1. d4 d5 2. c4 c6 3. Nc3 Nf6 4. Nf3 dxc4 5. Bg5 Nd5 6. e4 Nxc3 7. bxc3 b5 8. a4 h6 9. Bh4 Qb6 10. Rb1 Qa5 11. Qc2 Nd7 12. d5 Nc5 13. axb5 cxb5 14. Nd4 Bd7 15. Be2 Na4 16. Rc1 e5 17. dxe6 fxe6 18. Bh5+ 1-0